000 00621nam a2200217Ii 4500
003 JO-AjNU
008 230605s9999||||xx |||||||||||||| ||und||
017 _a2014/1/525
040 _aJO-AjNU
_bara
_erda
_cJO-AjNU
041 _aara
050 1 4 _aPJ7858.A17 2015
100 3 _aالعلان، مروان,
_eauthor
_952761
245 0 0 _aليلة سبسطية
250 _aط1
264 3 1 _aعمان: المؤلف، 2015
300 _a330ص
336 _atext
_btxt
_2rdacontent
337 _aunmediated
_bn
_2rdamedia
338 _avolume
_bnc
_2rdacarrier
650 4 _aالأدب العربي - روايات
_952762
999 _aA23391
_c26959
_d26959